000 00407nam a2200157 i 4500
001 94534
003 ES-MaACL
005 20230906181513.0
007 t|
008 050506s1919 fr ||||1| fre d
100 1 _aLoti, Pierre.
_974298
245 1 4 _aLes alliés qu`il nous faudrait /
_cPierre Loti.
260 _aParis :
_bCalmann-Lévy,
_c1919.
300 _a130 p. ;
_c19 cm.
852 _aES-MaACL
_jB-49
999 _c94534
_d94534